Manual de juicio ejecutivo
Spremljeno u:
| Glavni autor: | |
|---|---|
| Format: | Knjiga |
| Jezik: | španjolski |
| Izdano: |
Santiago
Jurídicas de Santiago
2003
|
| Teme: | |
| Oznake: |
Dodaj oznaku
Bez oznaka, Budi prvi tko označuje ovaj zapis!
|
MARC
| LEADER | 00000nam a2200000 a 4500 | ||
|---|---|---|---|
| 001 | UCL4301 | ||
| 003 | CL-VaPUC | ||
| 008 | 040109e20030000CL |||||||||||||||||spa|d | ||
| 020 | |a 9568285016 | ||
| 082 | 0 | 4 | |a 347.8307 |b LIL |2 21 |
| 100 | |a Lillo Hunzinker, Lenin |e autor |9 761974 | ||
| 245 | 1 | 0 | |a Manual de juicio ejecutivo |
| 300 | |a 158 p | ||
| 942 | |c BK | ||
| 945 | |d 20040109 00:00:00 |a cmena | ||
| 260 | |a Santiago |b Jurídicas de Santiago |c 2003 | ||
| 650 | 0 | |a Derecho procesal civil |9 258071 | |
| 650 | 0 | |a Juicio ejecutivo |9 254866 | |
| 651 | 7 | |a CHILE |2 CL-VaPUC |9 481791 | |
| 583 | |a last modification |c 20040109 00:00:00 |k Rodrigo Vera | ||
| 999 | |c 307178 |d 307176 | ||
| 952 | |0 0 |1 0 |4 0 |6 347_830700000000000_LIL_2003 |7 0 |8 A |9 372889 |a BIBDER |b BIBDER |d 2019-11-21 |i 3974960 |o 347.8307 LIL 2003 |p 3974960 |r 2023-01-25 |w 2019-11-21 |y BK |k DER | ||